[Event "Begonia op 53rd"]
[Site "Ballarat"]
[Date "2019.03.09"]
[Round "2"]
[White "Morris, James"]
[Black "Stones, Douglas"]
[Result "1-0"]
[WhiteElo "2478"]
[BlackElo "1788"]
[PlyCount "37"]
[EventDate "2019.03.09"]
[EventType "swiss"]
[EventRounds "7"]
[EventCountry "AUS"]
[SourceTitle "CBM 189 Extra"]
[Source "ChessBase"]
[SourceDate "2019.06.03"]
[SourceVersion "1"]
[SourceVersionDate "2019.06.03"]
[SourceQuality "1"]

1. e4 c6 2. d4 d5 3. e5 Bf5 4. Nf3 e6 5. Be2 c5 6. 0-0 cxd4 7. Nxd4 Ne7 8. Bg5 Qa5 9. c4 dxc4 10. Na3 Bd3 11. Bxd3 cxd3 12. Nc4 Qd5 13. Nd6+ Kd7 14. Nxf7 Qxd4 15. Nxh8 Nd5 16. Qh5 Nc6 17. Rad1 Nxe5 18. Nf7 Ng4 19. Qxg4 1-0

[Event "Australian op"]
[Site "Tuggeranong"]
[Date "2007.01.08"]
[Round "10"]
[White "Korenevski, Oleg"]
[Black "Stones, Douglas"]
[Result "1/2-1/2"]
[WhiteElo "2009"]
[BlackElo "2032"]
[PlyCount "63"]
[EventDate "2006.12.28"]
[EventType "swiss"]
[EventRounds "11"]
[EventCountry "AUS"]
[SourceTitle "CBM 116 Extra"]
[Source "ChessBase"]
[SourceDate "2007.03.07"]
[SourceVersion "1"]
[SourceVersionDate "2007.03.07"]
[SourceQuality "1"]

1. d4 Nf6 2. c4 e6 3. Nf3 d5 4. Bg5 c6 5. e3 Nbd7 6. Nc3 Qa5 7. Bxf6 Nxf6 8. Nd2 Bd6 9. c5 Bb8 10. a3 e5 11. b4 Qd8 12. dxe5 Bxe5 13. Rc1 0-0 14. Nf3 Bg4 15. Be2 Bxf3 16. Bxf3 Qc7 17. Qc2 Rfe8 18. Ne2 Rad8 19. g3 a5 20. 0-0 axb4 21. axb4 d4 22. exd4 Bxd4 23. Qc4 Be5 24. Rcd1 Rxd1 25. Rxd1 Rd8 26. Qb3 h6 27. Rxd8+ Qxd8 28. b5 Qe7 29. Qc4 Nd7 30. bxc6 bxc6 31. Bxc6 Qxc5 32. Qxc5 1/2-1/2

[Event "Australian Major op"]
[Site "Tuggeranong"]
[Date "2007.01.06"]
[Round "6"]
[White "Choong, Yita"]
[Black "Stones, Douglas"]
[Result "1/2-1/2"]
[WhiteElo "1794"]
[BlackElo "1779"]
[PlyCount "88"]
[EventDate "2007.01.01"]
[EventType "swiss"]
[EventRounds "6"]
[EventCountry "AUS"]
[SourceTitle "EXT 2008"]
[Source "ChessBase"]
[SourceDate "2007.11.25"]
[SourceVersion "1"]
[SourceVersionDate "2007.11.25"]
[SourceQuality "1"]

1. e4 c6 2. d4 d5 3. Nc3 dxe4 4. Nxe4 Bf5 5. Ng3 Bg6 6. h4 h6 7. Nf3 Nd7 8. h5 Bh7 9. Bd3 Bxd3 10. Qxd3 e6 11. Bf4 Ngf6 12. 0-0-0 Be7 13. Kb1 0-0 14. Ne5 Nxe5 15. Bxe5 Ng4 16. Qf3 Nxe5 17. dxe5 Qc7 18. Qe2 Rad8 19. f4 Rxd1+ 20. Rxd1 Rd8 21. Rf1 Qa5 22. Ne4 Qb5 23. c4 Qa4 24. Nc3 Qb4 25. Rf3 Rd4 26. b3 b5 27. cxb5 cxb5 28. Qxb5 Rxf4 29. Qxb4 Rxb4 30. g3 Kf8 31. Rf4 Rxf4 32. gxf4 Bc5 33. Kc2 Be3 34. Ne2 Ke7 35. Kd3 Bf2 36. b4 g6 37. Ke4 gxh5 38. Kf3 Be1 39. b5 f6 40. Nd4 fxe5 41. Nc6+ Kd6 42. fxe5+ Kc5 43. Nxa7 Kb6 44. Nc6 Kxb5 1/2-1/2

[Event "Australian Major op"]
[Site "Tuggeranong"]
[Date "2007.01.05"]
[Round "5"]
[White "Stones, Douglas"]
[Black "Webster, David"]
[Result "1-0"]
[WhiteElo "1779"]
[BlackElo "1699"]
[PlyCount "147"]
[EventDate "2007.01.01"]
[EventType "swiss"]
[EventRounds "6"]
[EventCountry "AUS"]
[SourceTitle "EXT 2008"]
[Source "ChessBase"]
[SourceDate "2007.11.25"]
[SourceVersion "1"]
[SourceVersionDate "2007.11.25"]
[SourceQuality "1"]

1. e4 c5 2. d4 cxd4 3. c3 dxc3 4. Nxc3 Nc6 5. Nf3 e6 6. Bc4 d6 7. 0-0 Be7 8. Qe2 a6 9. Rd1 Qc7 10. Bf4 Nf6 11. Rac1 0-0 12. Bb3 Rd8 13. Na4 b5 14. Nc3 Qb7 15. Rd2 Ne8 16. Rcd1 Ra7 17. Be3 Ra8 18. h4 Na5 19. Bc2 Nc4 20. Rd4 e5 21. Rxc4 bxc4 22. Nd5 Be6 23. Qxc4 Bxd5 24. exd5 Nf6 25. Bg5 Rac8 26. Qe2 g6 27. Bd3 Ra8 28. b3 Rdc8 29. Bc4 Ne8 30. Bxe7 Qxe7 31. Bxa6 Rcb8 32. Bc4 Nf6 33. Nd4 Qc7 34. Nb5 Qb6 35. Nc3 Qa5 36. Qf3 Nd7 37. a4 Nb6 38. Bb5 Rc8 39. Ne4 Rd8 40. h5 Qa7 41. Bc6 Rab8 42. Qf6 h6 43. hxg6 fxg6 44. a5 Rf8 45. Qxg6+ Qg7 46. Qxg7+ Kxg7 47. axb6 Rxb6 48. Rd3 Rd8 49. Rg3+ Kf7 50. Kh2 Rb4 51. Rf3+ Kg6 52. Rf6+ Kg7 53. Rxd6 Rxd6 54. Nxd6 Rxb3 55. Ne4 Kf7 56. d6 Rd3 57. f3 Rd1 58. Kg3 Ke6 59. Ba4 Rd4 60. Be8 Rd1 61. Bh5 Kd7 62. Bg4+ Kd8 63. Bf5 Rd4 64. Bh3 Rd1 65. d7 Rd5 66. Kh4 Rb5 67. Nd6 Rb4+ 68. Kh5 Ke7 69. Nc8+ Kd8 70. Kxh6 e4 71. fxe4 Rxe4 72. Nd6 Rh4+ 73. Kg5 Rxh3 74. gxh3 1-0

[Event "Australian op"]
[Site "Tuggeranong"]
[Date "2007.01.03"]
[Round "6"]
[White "Stones, Douglas"]
[Black "Dizdarevic, Monika"]
[Result "0-1"]
[WhiteElo "2032"]
[BlackElo "2110"]
[PlyCount "86"]
[EventDate "2006.12.28"]
[EventType "swiss"]
[EventRounds "11"]
[EventCountry "AUS"]
[SourceTitle "CBM 116 Extra"]
[Source "ChessBase"]
[SourceDate "2007.03.07"]
[SourceVersion "1"]
[SourceVersionDate "2007.03.07"]
[SourceQuality "1"]

1. d4 Nf6 2. Nf3 c5 3. c3 e6 4. Bg5 d5 5. Nbd2 cxd4 6. cxd4 Nc6 7. e3 Be7 8. Bd3 Qb6 9. Qb3 Qa5 10. 0-0 h6 11. Bxf6 Bxf6 12. Rac1 g5 13. Rc5 Qc7 14. e4 Be7 15. Rcc1 Qb6 16. Bb5 0-0 17. Bxc6 bxc6 18. Qxb6 axb6 19. Rxc6 dxe4 20. Ne5 Bd8 21. Rfc1 Bb7 22. Rd6 Bd5 23. Nd7 Re8 24. Nxb6 Bxb6 25. Rxb6 Rxa2 26. h3 Ra4 27. b4 Ra2 28. Nf1 Rd8 29. Ne3 Rd2 30. Nxd5 Rxd5 31. Rc8+ Kg7 32. Rc7 Rf5 33. Rxe6 Rxd4 34. Rce7 Rd1+ 35. Kh2 Rxf2 36. Rxe4 Rdd2 37. Rg4 Kg6 38. Rc7 h5 39. Rg3 h4 40. Rg4 Rd1 41. Rc5 f6 42. Rc3 Rff1 43. g3 Rf2# 0-1